000 006030000a22001810004500
003 MACL
005 20160508113443.0
008 160508b xxu||||| |||| 00| 0 eng d
040 _aMACL
_cMACL
041 _aHindi
082 _a800 NAJ
100 _aरूहानी, दीपक
_955652
245 _aमता-ए-नाजिश
_bनाजिश - ग्रन्‍थावली
_cदीपक रूहानी
260 _aप्रतापगढ
_bअनुज प्रकाशन
_c2010
350 _a270
650 _aरचनावली
_9163
942 _cHIN
_k800 /NAJ
_2ddc
999 _c46710
_d46710